|
|
|
|
| LEADER |
00000ntmaa2200000 a 4500 |
| 001 |
vtls012126755 |
| 003 |
SK-MaSNL |
| 005 |
20260301055304.0 |
| 008 |
230802q1870 au || 000 p slo |
| 035 |
|
|
|a urn:nbn:sk:snk-tm00ib88
|
| 035 |
|
|
|a 7E8ABB9B-91DD-4C3D-81FC-238F559FE9A9
|
| 040 |
|
|
|a SNKLA
|b slo
|c SNKLA
|e AACR2
|
| 041 |
0 |
|
|a slo
|
| 044 |
|
|
|a au
|c AT
|
| 072 |
|
7 |
|a 821.162.4-1
|x Slovenská poézia
|2 konspekt
|
| 080 |
|
|
|a 025.171
|2 2011
|
| 100 |
1 |
|
|a Mallý, Ján,
|d 1829-1902
|4 aut
|9 193717
|
| 245 |
1 |
0 |
|a Z obou stran ohromné skaly ...
|c [Ján Mallý]
|
| 260 |
|
|
|a [Viedeň]
|c [medzi 1870 a 1880?]
|
| 300 |
|
|
|a 4 nečíslované strany
|b rukopis, voľný list
|c 21 cm
|
| 500 |
|
|
|a Autor podľa iných prác pod signatúrou 132
|
| 500 |
|
|
|a Bez názvu, názov tvorený incipitom
|
| 520 |
2 |
|
|a Báseň s vlasteneckým motívom (hrad Strečno, Váh pod Strečnom)
|
| 555 |
0 |
|
|a Inventár rukopisov Archívu literatúry a umenia Matice slovenskej XIX. Fondy 132 - 133. Martin : Matica slovenská 1991
|
| 561 |
|
|
|a Okrúhla pečiatka: Literárny archív Matice slovenskej Martin
|
| 610 |
1 |
7 |
|a Strečno (Slovensko : hrad)
|2 SNKKA
|9 32470
|
| 651 |
|
7 |
|a Váh (Slovensko : rieka)
|2 SNKPHgeo
|9 59387
|
| 655 |
|
7 |
|a rukopisy
|2 SNKPH
|9 70548
|
| 655 |
|
7 |
|a vlastenecké básne
|2 SNKPH
|9 336343
|
| 852 |
|
|
|a Slovenská národná knižnica
|b Literárny archív
|
| 958 |
|
|
|a OF
|
| 958 |
|
|
|a LAVD
|
| 999 |
|
|
|c 613008
|d 614938
|
| 952 |
|
|
|a SNKLA
|b SNKLA
|c SNKLA_DEP
|y NEVYP
|7 0
|p 17A1230176
|o snk132 BG 40
|0 0
|1 0
|4 0
|d 2022-03-11
|f 1
|l 0
|r 2026-02-23 16:29:12
|w 2026-02-23
|